000
00291nam a2200109Ia 4500
008
180315s9999 xx 000 0 und d
020
_a
9780071754330
100
_a
Klososky, Scott
245
_a
Manager's guide to social media /
260
_a
USA :
_b
2011
_c
McGrawHill
300
_a
v, 185 pages
999
_c
356305
_d
356305